000 00816nam a22002417a 4500
003 OSt
005 20160915182753.0
008 160915b xxu||||| |||| 00| 0 eng d
020 _a0-205-37556-1
040 _cLIC
082 _22003
_aDC 370.72
_bB63
100 _914606
_aBogdan, Robert
245 _aQualitative research for education : an introduction to theory and methods /
_bRobert C. Bogdan, Sari Knopp Biklen.
250 _aFourth edition
260 _aBoston :
_bAllyn and Bacon,
_cc2003.
300 _axii, 291 pages :
_billustrations ;
_c25 cm.
365 _b3,875.00
_cPhp
504 _aIncludes bibliographical references (pages 263-282) and index
650 0 _914607
_aEducation -- Research
650 0 _914608
_aEducation -- Research
700 _914609
_aBiklen, Sari Knopp
942 _2ddc
_cDC
999 _c4538
_d4538